Phonétique - Marques de voitures - Statistiques

Statistiques générales
  • Ce quiz a été pris 183 fois
  • Le résultat moyen est 13 sur 15
Statistiques - réponses
Phonétique Marque % Correct
o.di Audi
99%
ni.san Nissan
98%
tɔ.jo.ta Toyota
97%
fɔlks.va.ɡən Volkswagen
97%
al.pin Alpine
96%
bɛnt.li Bentley
96%
da.sja Dacia
96%
fe.ʁa.ʁi Ferrari
95%
be.ɛm.dublə.ve BMW
90%
ʁə.no Renault
84%
pø.ʒo Peugeot
79%
dʒip Jeep
78%
jœn.daj Hyundai
71%
ʒa.ɡwaʁ Jaguar
67%
pɔʁʃ Porsche
65%
Aucun quiz correspondant
Distribution des résultats
% des personnes avec chaque résultat
Percentile par nombre de réponses
Votre historique - résultats
Vous n’avez pas pris ce quiz